000 00324nam a22001337a 4500
008 180119b xxu||||| |||| 00| 0 eng d
020 _a9781285109367
041 _aeng
080 _a334.7
100 _a55
101 _aFIN
245 _aACCOUTING FOR DERIVATES AND FINANCIAL INSTRUMENTS
_cJONES.W
942 _2udc
_cBK
999 _c40575
_d40575